000
00267nam a22001217a 4500
008
181016b xxu||||| |||| 00| 0 eng d
041
_a
eng
080
_a
540
100
_a
12
101
_a
KIM
245
_a
Basic concepts of Chemistry
_c
Sherman,A
942
_2
udc
_c
BK
999
_c
49906
_d
49906